00512 2200193 4500001002100000005001500021035002000036245006600056100001700122250001000139300003800149260003400187082001400221084002000235020002200255650001700277990001200294990001200306INLIS00000000001366120251126090955 a0010-11250001971 aKerajaan Gowa :bMasa Demi Masa Penuh Gejolak /cH.L. Purnama0 aPurnama, H.L aCet.1 aviii + 126 hlm :b- ;c13 x 19 cm aMakassar :bArus Timur,c2014 a959.84773 a959.84773 PUR k a978-602-9057-70-6 4aSejarah Gowa a21616.1 a21616.2